[Event "Galapagar op 05th"]
[Site "Galapagar"]
[Date "2004.08.01"]
[Round "9"]
[White "Perez de Villar Munoz, Eusebio"]
[Black "Criado de Diego, Pedro"]
[Result "1/2-1/2"]
[WhiteElo "2018"]
[BlackElo "2108"]
[PlyCount "75"]
[EventDate "2004.07.24"]
[EventType "swiss"]
[EventRounds "9"]
[EventCountry "ESP"]
[SourceTitle "CBM 101 Extra"]
[Source "ChessBase"]
[SourceDate "2004.09.01"]
[SourceVersion "2"]
[SourceVersionDate "2004.09.01"]
[SourceQuality "1"]

1. e4 c5 2. Nf3 Nc6 3. d4 cxd4 4. Nxd4 g6 5. Nc3 Bg7 6. Be3 Nf6 7. f3 0-0 8. Qd2 d5 9. Nxc6 bxc6 10. exd5 Nxd5 11. Nxd5 cxd5 12. c3 e5 13. Rd1 Be6 14. Be2 Qa5 15. h4 Rfd8 16. b4 Qa3 17. h5 d4 18. cxd4 exd4 19. Bh6 Bh8 20. Bd3 Qxa2 21. Qg5 Re8 22. 0-0 Qd5 23. hxg6 hxg6 24. Qg3 Qe5 25. Bf4 Qh5 26. Rc1 Rac8 27. Bc7 Bf6 28. Rc5 Qh4 29. Qxh4 Bxh4 30. Ba6 Be7 31. Bxc8 Rxc8 32. Rcc1 Bxb4 33. Be5 Rxc1 34. Rxc1 d3 35. Kf2 d2 36. Ra1 f6 37. Bxf6 Bb3 38. Ke2 1/2-1/2

[Event "Collado Villalba op-A 19th"]
[Site "Collado Villalba"]
[Date "2002.08.29"]
[Round "7"]
[White "Candela Perez, Jose"]
[Black "Criado de Diego, Pedro"]
[Result "1-0"]
[WhiteElo "2426"]
[BlackElo "2119"]
[PlyCount "73"]
[EventDate "2002.08.26"]
[EventType "swiss"]
[EventRounds "9"]
[EventCountry "ESP"]
[SourceTitle "EXT 2003"]
[Source "ChessBase"]
[SourceDate "2002.11.25"]
[SourceVersion "1"]
[SourceVersionDate "2002.11.25"]
[SourceQuality "1"]

1. d4 Nf6 2. c4 c5 3. d5 b5 4. cxb5 a6 5. bxa6 g6 6. Nc3 Bxa6 7. e4 Bxf1 8. Kxf1 d6 9. g3 Nbd7 10. Kg2 Bg7 11. Nge2 0-0 12. Qc2 Ra6 13. b3 Qa8 14. Bb2 e6 15. Nf4 Re8 16. dxe6 fxe6 17. Rhe1 Ne5 18. Nb5 Qb8 19. a4 Nfd7 20. Rad1 Rc6 21. Qd2 Bf8 22. Nd3 Nf7 23. Qc3 e5 24. Nb4 Rcc8 25. Nd5 Bg7 26. Qc4 Nf8 27. a5 Ne6 28. a6 Bf8 29. Nf6+ Kg7 30. Nxe8+ Rxe8 31. a7 Qb7 32. Ra1 Nd4 33. Bxd4 exd4 34. Qd5 Qxb5 35. a8Q Rxa8 36. Rxa8 Ne5 37. Rxf8 1-0